000 00790nam a2200253 a 4500
001 000001086
005 20200929145456.0
008 990728s1988 sp 000 f spa d
020 _a8475304079
040 _aDO-SdBNP
_bspa
_cBNPHU
041 1 7 _aspa
_hfre
_2Código de idioma MARC
082 _a843.8
_bD886d
100 1 _aDumas, Alexandre,
_d1802-1870
_93715
240 1 3 _aLa dame aux camélias.
_lEspañol
245 1 3 _aLa dama de las camelias /
_cAlejandro Dumas ; traducción de Ana María Moix.
260 _aBarcelona :
_bOrbis,
_c1988.
300 _a249 p. ;
_c20 cm.
534 _aTítulo original:
_tLa dame aux camélias
650 4 _aNovela francesa
_91075
650 4 _aLiteratura francesa
_91074
700 1 _aMoix, Ana María,
_etr.
_93716
910 _aWM
049 _aBNGR
999 _c1047
_d1047